000 00312nam a22001577a 4500
003 SGT
020 _a658.15
082 _aGEE
_bGEE
100 _aGEETIKA
245 _aMANAGERIAL ECONOMICS
250 _a3RD
260 _aINDIA
_bMC GRAW HILL
_c2024
300 _a669
650 _aGEETIKA
942 _2ddc
_cBK
999 _c29628
_d29628